Pozycja Corporate Name
Liczba rekordów, w których użyto hasła: 1
001 - Numer kontrolny
- control field: 40980
003 - Identyfikator numeru kontrolnego
- control field: NUKAT
005 - Data i czas ostatniej modyfikacji
- control field: 20260430105208.0
008 - Dane kontrolne kodowane (40 znaków)
- fixed length control field: 200625n||azznnbabn |a ana |c
010 ## - Numer kontrolny Biblioteki Kongresu
- numer kontrolny LC: p 2020079848
024 7# - OTHER STANDARD IDENTIFIER
- Standard number or code: 2656155411325208940005
- Source of number or code: viaf
035 ## - Numer systemowy
- numer systemowy: (PL)a1000000784449
040 ## - Instytucja sporządzająca rekord
- inst. przygot. dane do rek. khw: WA N
- język haseł przedmiotowych/tezaurus: DBN
- inst. wprow. rek. khw: WA N
043 ## - Kod obszaru geograficznego
- ISO code: UA
046 ## - Special dates
- Establishment date: 1917
- Termination date: 1920
110 2# - Hasło - nazwa ciała zbiorowego
- nazwa ciała zbior. lub geogr. na pocz.: Armia Czynna Ukraińskiej Republiki Ludowej
368 ## - Other Attributes
- Corp type: Wojsko
370 ## - Associated place
- Country: Ukraina
377 ## - Assoc lang
- Lang code: ukr
410 2# - Trop zob. - nazwa ciała zbiorowego
- nazwa ciała zbior. lub geogr. na pocz.: Armia Ukraińskiej Republiki Ludowej
410 2# - Trop zob. - nazwa ciała zbiorowego
- nazwa ciała zbior. lub geogr. na pocz.: Armìâ Ukraïnskoï Narodnoï Respublìki
410 2# - Trop zob. - nazwa ciała zbiorowego
- nazwa ciała zbior. lub geogr. na pocz.: Armiâ Ukrainskoj Narodnoj Respubliki
410 2# - Trop zob. - nazwa ciała zbiorowego
- nazwa ciała zbior. lub geogr. na pocz.: Армія Української Народної Республіки
510 2# - Trop zob. też - nazwa ciała zbiorowego
- podpole kontrolne: h
- nazwa ciała zbior. lub geogr. na pocz.: 2 Wołyńska Dywizja Strzelecka (Armia Czynna Ukraińskiej Republiki Ludowej)
510 2# - Trop zob. też - nazwa ciała zbiorowego
- podpole kontrolne: h
- nazwa ciała zbior. lub geogr. na pocz.: 3 Żelazna Dywizja Strzelecka (Armia Czynna Ukraińskiej Republiki Ludowej)
510 2# - Trop zob. też - nazwa ciała zbiorowego
- podpole kontrolne: h
- nazwa ciała zbior. lub geogr. na pocz.: Strzelcy Siczowi
670 ## - Źródło informacji
- źródło informacji: Razem z wojskiem polskim / Andrij Rukkas. - Warszawa, 2020.
670 ## - Źródło informacji
- źródło informacji: Wikipedia (pol.)
670 ## - Źródło informacji
- źródło informacji: Wikipedia (ukr.)